[Event "Camaguey Province-ch final"]
[Site "Camaguey"]
[Date "2018.10.14"]
[Round "6"]
[White "Rodriguez Turino, Ladislao"]
[Black "Santiago Garcia, Diego Alejandro"]
[Result "1-0"]
[WhiteElo "2301"]
[BlackElo "1813"]
[PlyCount "51"]
[EventDate "2018.10.10"]
[EventType "tourn"]
[EventRounds "14"]
[EventCountry "CUB"]
[SourceTitle "EXT 2021"]
[Source "ChessBase"]
[SourceDate "2020.10.23"]
[SourceVersion "1"]
[SourceVersionDate "2020.10.23"]
[SourceQuality "1"]

1. Nf3 Nf6 2. g3 e6 3. Bg2 d5 4. 0-0 Be7 5. d3 0-0 6. Nbd2 c5 7. e4 Nc6 8. e5 Nd7 9. Re1 Qc7 10. Qe2 b5 11. Nf1 Re8 12. h4 Bf8 13. Bf4 a5 14. Ng5 Nb6 15. Nh2 a4 16. Ng4 Nd4 17. Qd1 h6 18. Nh3 Bb7 19. Ne3 Nc6 20. c3 d4 21. Ng4 Kh8 22. Nxh6 gxh6 23. Qh5 f5 24. exf6 e5 25. Bxh6 Qh7 26. Ng5 1-0

[Event "Camaguey Province-ch final"]
[Site "Camaguey"]
[Date "2018.10.13"]
[Round "5"]
[White "Santiago Garcia, Diego Alejandro"]
[Black "Docampo Beltran, Dexter"]
[Result "0-1"]
[WhiteElo "1813"]
[BlackElo "2364"]
[PlyCount "44"]
[EventDate "2018.10.10"]
[EventType "tourn"]
[EventRounds "14"]
[EventCountry "CUB"]
[SourceTitle "EXT 2021"]
[Source "ChessBase"]
[SourceDate "2020.10.23"]
[SourceVersion "1"]
[SourceVersionDate "2020.10.23"]
[SourceQuality "1"]

1. d4 d6 2. c4 e5 3. dxe5 dxe5 4. Qxd8+ Kxd8 5. Nf3 f6 6. e3 Be6 7. a3 Nd7 8. b3 c6 9. Bb2 Kc7 10. Nbd2 Nc5 11. 0-0-0 a5 12. Be2 Nh6 13. h3 Nf7 14. g4 Be7 15. Rhg1 Rhd8 16. Nh4 Ng5 17. Rg3 Rxd2 18. Kxd2 Nce4+ 19. Kc1 Nxg3 20. fxg3 Nxh3 21. Nf5 Bf8 22. e4 Nf2 0-1

[Event "Migoya Memorial tt"]
[Site "Camaguey"]
[Date "2018.09.27"]
[Round "10.3"]
[White "Santiago Garcia, Diego Alejandro"]
[Black "Abad Cabrera, Pedro"]
[Result "1-0"]
[WhiteElo "1813"]
[BlackElo "1813"]
[PlyCount "113"]
[EventDate "2018.09.20"]
[EventType "team-tourn"]
[EventRounds "10"]
[EventCountry "CUB"]
[SourceTitle "EXT 2021"]
[Source "ChessBase"]
[SourceDate "2020.10.23"]
[SourceVersion "1"]
[SourceVersionDate "2020.10.23"]
[SourceQuality "1"]

1. d4 Nf6 2. c4 c5 3. Nf3 cxd4 4. Nxd4 g6 5. Nc3 Bg7 6. e4 d6 7. Be2 Nc6 8. Be3 0-0 9. 0-0 Bd7 10. f3 Qb6 11. Na4 Qd8 12. Rc1 Nxd4 13. Bxd4 b6 14. b4 Rc8 15. Nb2 Nh5 16. Bxg7 Nxg7 17. Qd3 Ne6 18. f4 Ng7 19. Bf3 Bc6 20. Nd1 Ne8 21. Ne3 Nf6 22. Rcd1 Qc7 23. Rfe1 Rfd8 24. g4 Qb7 25. Nd5 Bxd5 26. exd5 Qc7 27. g5 Ne8 28. Bg4 Rb8 29. Rc1 Ng7 30. Qe3 Re8 31. Qd4 e6 32. dxe6 fxe6 33. Rcd1 Rbd8 34. Rc1 Nf5 35. Bxf5 gxf5 36. Rc3 e5 37. Qd5+ Qf7 38. Rce3 Qxd5 39. cxd5 e4 40. Ra3 Re7 41. Rc3 Kf7 42. Rh3 Kg8 43. Rc1 Rdd7 44. Kf2 Rc7 45. Rhc3 Rcd7 46. Ke3 Kg7 47. Rc8 Kg6 48. R8c6 Kg7 49. b5 Kg6 50. Rc8 Kf7 51. R8c6 Kg6 52. Rg1 Kf7 53. Rg3 Kg6 54. Rh3 Re8 55. Rh6+ Kg7 56. Rhxd6 Rxd6 57. Rxd6 1-0

[Event "Migoya Memorial tt"]
[Site "Camaguey"]
[Date "2018.09.25"]
[Round "5.3"]
[White "Abad Cabrera, Pedro"]
[Black "Santiago Garcia, Diego Alejandro"]
[Result "0-1"]
[WhiteElo "1813"]
[BlackElo "1813"]
[PlyCount "78"]
[EventDate "2018.09.20"]
[EventType "team-tourn"]
[EventRounds "10"]
[EventCountry "CUB"]
[SourceTitle "EXT 2021"]
[Source "ChessBase"]
[SourceDate "2020.10.23"]
[SourceVersion "1"]
[SourceVersionDate "2020.10.23"]
[SourceQuality "1"]

1. d4 Nf6 2. Nf3 e6 3. c4 b6 4. Nc3 Bb4 5. Bd2 Bb7 6. e3 0-0 7. Bd3 d5 8. cxd5 exd5 9. Qc2 Nbd7 10. 0-0 Rc8 11. Rac1 c5 12. a3 Bxc3 13. Bxc3 cxd4 14. Nxd4 Nc5 15. Bf5 Ra8 16. Bb4 g6 17. Bh3 Nfe4 18. Bxc5 bxc5 19. Nb3 Ba6 20. Rfd1 c4 21. Nd2 Nc5 22. Nf3 Bb5 23. Qe2 a6 24. Ne5 Ba4 25. Rf1 Rb8 26. b4 Nb3 27. Rcd1 Bb5 28. Qb2 Qd6 29. Ng4 f6 30. g3 h5 31. Nxf6+ Rxf6 32. Rxd5 Qb6 33. Rfd1 Rbf8 34. Rf1 Bc6 35. Rg5 Bb7 36. Bg2 Bxg2 37. Kxg2 Qd6 38. Qe5 Qxe5 39. Rxe5 Nd2 0-1

[Event "Migoya Memorial tt"]
[Site "Camaguey"]
[Date "2018.09.24"]
[Round "3.2"]
[White "Hernandez Munoz, Yassel"]
[Black "Santiago Garcia, Diego Alejandro"]
[Result "1-0"]
[WhiteElo "1930"]
[BlackElo "1813"]
[PlyCount "91"]
[EventDate "2018.09.20"]
[EventType "team-tourn"]
[EventRounds "10"]
[EventCountry "CUB"]
[SourceTitle "EXT 2021"]
[Source "ChessBase"]
[SourceDate "2020.10.23"]
[SourceVersion "1"]
[SourceVersionDate "2020.10.23"]
[SourceQuality "1"]

1. Nf3 Nf6 2. g3 e6 3. Bg2 d5 4. d4 Be7 5. 0-0 0-0 6. c4 dxc4 7. Nc3 a6 8. Ne5 Nd5 9. Nxc4 b5 10. Ne5 Bb7 11. e4 Nxc3 12. bxc3 c5 13. Be3 f6 14. Nd3 cxd4 15. cxd4 Bd6 16. Qb3 Re8 17. e5 Bxg2 18. Kxg2 Bf8 19. Nf4 Qe7 20. d5 Nd7 21. Nxe6 fxe5 22. Nc7 Qf6 23. Nxa8 Rxa8 24. Qc3 Bc5 25. Bxc5 Rc8 26. Qf3 Rxc5 27. Qxf6 gxf6 28. Rfd1 Kf7 29. Rac1 Ke7 30. Rxc5 Nxc5 31. Kf3 Kd6 32. g4 Na4 33. h4 h6 34. Rd2 Nc3 35. Ke3 b4 36. f4 exf4+ 37. Kxf4 a5 38. Kf5 a4 39. Kg6 a3 40. Kxh6 Ne4 41. Rd4 Nc3 42. Rxb4 Nxa2 43. Rb3 Kxd5 44. Rxa3 Nb4 45. Kg7 Ke5 46. h5 1-0

[Event "Maria Teresa Mora Memorial op"]
[Site "Havana"]
[Date "2018.??.??"]
[Round "3"]
[White "Bacerio Arruza, Alejandro"]
[Black "Santiago Garcia, Diego Alejandro"]
[Result "1/2-1/2"]
[WhiteElo "2059"]
[BlackElo "1759"]
[PlyCount "52"]
[EventDate "2018.03.08"]
[EventType "swiss"]
[EventRounds "9"]
[EventCountry "CUB"]
[SourceTitle "EXT 2021"]
[Source "ChessBase"]
[SourceDate "2020.10.23"]
[SourceVersion "1"]
[SourceVersionDate "2020.10.23"]
[SourceQuality "1"]

1. e4 e5 2. Nf3 Nc6 3. d4 exd4 4. Nxd4 Nf6 5. Nxc6 bxc6 6. e5 Qe7 7. Qe2 Nd5 8. c4 Ba6 9. b3 g6 10. Bb2 Bg7 11. g3 0-0 12. Bg2 Rae8 13. 0-0 Bxe5 14. Bxe5 Qxe5 15. Qxe5 Rxe5 16. f4 Re7 17. cxd5 Bxf1 18. Kxf1 cxd5 19. Bxd5 Rfe8 20. Na3 Re2 21. Nc4 Rxh2 22. Ne5 Re7 23. Rc1 Rxa2 24. Rxc7 Kg7 25. Bxf7 Rxe5 26. fxe5 Kxf7 1/2-1/2

[Event "Camaguey 504 Anniv Escolar"]
[Site "Camaguey"]
[Date "2018.??.??"]
[Round "1.4"]
[White "Martinez Mulet, Dario Leonel"]
[Black "Santiago Garcia, Diego Alejandro"]
[Result "1-0"]
[WhiteElo "1979"]
[BlackElo "1759"]
[PlyCount "183"]
[EventDate "2018.02.01"]
[EventType "team-tourn"]
[EventRounds "7"]
[EventCountry "CUB"]
[SourceTitle "EXT 2021"]
[Source "ChessBase"]
[SourceDate "2020.10.23"]
[SourceVersion "1"]
[SourceVersionDate "2020.10.23"]
[SourceQuality "1"]

1. d4 Nf6 2. Nf3 e6 3. c4 b6 4. a3 Bb7 5. Nc3 Be7 6. d5 exd5 7. cxd5 d6 8. g3 Nbd7 9. Bg2 0-0 10. 0-0 Re8 11. Nd4 g6 12. Re1 Bf8 13. Bg5 h6 14. Bxf6 Nxf6 15. Qb3 Bg7 16. Rac1 Nd7 17. Qd1 Nc5 18. Rc2 a6 19. b4 Nd7 20. Ne6 fxe6 21. dxe6 Bxg2 22. exd7 Qxd7 23. Kxg2 a5 24. Nd5 Rec8 25. Qd3 Qf7 26. Rec1 Rf8 27. f3 c5 28. Nxb6 Rab8 29. bxa5 Bd4 30. Qc4 Rfe8 31. Qxf7+ Kxf7 32. Nc4 Rbd8 33. a6 d5 34. Na5 Rd6 35. a7 Ra6 36. Nb7 Re7 37. Nxc5 Raxa7 38. Nb3 Bb6 39. Ra1 Re3 40. Rb2 Rae7 41. Raa2 Ra7 42. a4 Rc3 43. a5 Be3 44. Nd2 Ra6 45. Rb5 Ke6 46. Nb1 Rc1 47. f4 Kd6 48. Kf3 Bg1 49. Rd2 Bc5 50. Rb3 Rxa5 51. Nc3 d4 52. Ne4+ Kd5 53. Nxc5 Kxc5 54. Rb8 Rc3+ 55. Kg4 Rc4 56. Rh8 h5+ 57. Kf3 Ra3+ 58. Kf2 Ra6 59. Rd8 Re6 60. Ra2 Kb4 61. Rd2 Kc5 62. Rb8 Kd5 63. Rb5+ Ke4 64. Rg5 Rc8 65. Ra5 Rc4 66. Rb5 Ra4 67. Rc5 Rb4 68. Rcc2 Ra4 69. Rd3 Rb4 70. Rcd2 Rc4 71. Rb2 Rc3 72. Rd1 Rc4 73. Rdd2 Ra4 74. Rb1 Rc4 75. Rb3 Ra4 76. Rc2 Kd5 77. Rb5+ Ke4 78. Rcc5 d3 79. Re5+ Rxe5 80. Rxe5+ Kd4 81. exd3 Ra6 82. Kf3 Kxd3 83. Rd5+ Kc4 84. Rd2 Ra3+ 85. Ke4 Kc5 86. Ke5 Ra6 87. Rc2+ Kb4 88. Rd2 Ra5+ 89. Kf6 Ra6+ 90. Kg5 Kc3 91. Rd5 Kc4 92. Rd8 1-0

[Event "Maria Teresa Mora Memorial op"]
[Site "Havana"]
[Date "2018.??.??"]
[Round "7"]
[White "Menendez Garcia, Dayan"]
[Black "Santiago Garcia, Diego Alejandro"]
[Result "1-0"]
[WhiteElo "2017"]
[BlackElo "1759"]
[PlyCount "31"]
[EventDate "2018.03.08"]
[EventType "swiss"]
[EventRounds "9"]
[EventCountry "CUB"]
[SourceTitle "EXT 2021"]
[Source "ChessBase"]
[SourceDate "2020.10.23"]
[SourceVersion "1"]
[SourceVersionDate "2020.10.23"]
[SourceQuality "1"]

1. d4 Nf6 2. c4 e6 3. Nc3 Bb4 4. Qc2 0-0 5. Nf3 b6 6. e4 d5 7. Bd3 dxe4 8. Bxe4 c6 9. Bg5 h6 10. h4 hxg5 11. hxg5 Nxe4 12. Qxe4 f5 13. Qh4 Kf7 14. Ne5+ Ke8 15. 0-0-0 Be7 16. Qh5+ 1-0

[Event "Camaguey 504 Anniv Escolar"]
[Site "Camaguey"]
[Date "2018.??.??"]
[Round "6.4"]
[White "Santiago Garcia, Diego Alejandro"]
[Black "Cruz Mendez, Jean Marcos"]
[Result "1/2-1/2"]
[WhiteElo "1759"]
[BlackElo "1816"]
[PlyCount "149"]
[EventDate "2018.02.01"]
[EventType "team-tourn"]
[EventRounds "7"]
[EventCountry "CUB"]
[SourceTitle "EXT 2021"]
[Source "ChessBase"]
[SourceDate "2020.10.23"]
[SourceVersion "1"]
[SourceVersionDate "2020.10.23"]
[SourceQuality "1"]

1. e4 d5 2. exd5 Qxd5 3. Nc3 Qa5 4. g3 e5 5. Bg2 Nf6 6. Nge2 c6 7. 0-0 Qc7 8. d3 Bd6 9. a3 0-0 10. h3 Nbd7 11. Be3 Nb6 12. Bg5 Nbd5 13. Nxd5 Nxd5 14. Bd2 Be6 15. Nc3 f5 16. Qe2 Rae8 17. Rae1 Nxc3 18. Bxc3 Bd5 19. Bb4 Bxg2 20. Bxd6 Bxf1 21. Bxc7 Bxe2 22. Rxe2 e4 23. d4 Rf7 24. Bf4 h6 25. h4 Rd8 26. c3 Kh7 27. h5 g5 28. hxg6+ Kxg6 29. Kg2 Re8 30. Re1 Rfe7 31. Rh1 h5 32. Be5 Rxe5 33. dxe5 Rxe5 34. Rd1 Rd5 35. Rb1 Rd2 36. Kf1 a5 37. Ke1 Rd3 38. Ke2 b5 39. Rh1 c5 40. Rc1 c4 41. a4 Rd5 42. axb5 Rxb5 43. Rc2 Rd5 44. Rc1 Kg5 45. Ke3 Rd3+ 46. Ke2 f4 47. gxf4+ Kxf4 48. Rh1 Kg4 49. Rg1+ Kh4 50. Rh1+ Rh3 51. Ra1 e3 52. Rxa5 exf2 53. Kxf2 Rh2+ 54. Kf3 Rxb2 55. Ra4 Rb8 56. Rxc4+ Kh3 57. Rc5 Rf8+ 58. Ke2 h4 59. Rg5 Rf4 60. Ke3 Rc4 61. Rg1 Rxc3+ 62. Kf2 Rc2+ 63. Kf1 Kh2 64. Rg4 h3 65. Rg5 Rc8 66. Kf2 Rf8+ 67. Ke2 Kh1 68. Rg3 h2 69. Rg5 Rf4 70. Ke1 Ra4 71. Rg8 Ra1+ 72. Kf2 Rg1 73. Rh8 Rg5 74. Rf8 Rg2+ 75. Kf1 1/2-1/2

[Event "Maria Teresa Mora Memorial op"]
[Site "Havana"]
[Date "2018.??.??"]
[Round "8"]
[White "Santiago Garcia, Diego Alejandro"]
[Black "Santander Valle, David A"]
[Result "0-1"]
[WhiteElo "1759"]
[BlackElo "2009"]
[PlyCount "62"]
[EventDate "2018.03.08"]
[EventType "swiss"]
[EventRounds "9"]
[EventCountry "CUB"]
[SourceTitle "EXT 2021"]
[Source "ChessBase"]
[SourceDate "2020.10.23"]
[SourceVersion "1"]
[SourceVersionDate "2020.10.23"]
[SourceQuality "1"]

1. e4 c5 2. Nf3 d6 3. d4 cxd4 4. Nxd4 Nf6 5. Nc3 a6 6. Bg5 Nbd7 7. f4 Qc7 8. Qf3 b5 9. 0-0-0 Bb7 10. Bd3 h6 11. Bxf6 Nxf6 12. Rhe1 e6 13. g4 b4 14. Nce2 Nd7 15. Ng3 Be7 16. Nh5 Rg8 17. Ng3 Rc8 18. Kb1 Bf6 19. Nb3 a5 20. Nd2 Nb6 21. Qe2 g6 22. e5 dxe5 23. fxe5 Be7 24. b3 Nd5 25. Nge4 Qxe5 26. Nc4 Rxc4 27. Bxc4 Qxe4 28. Bb5+ Kf8 29. Qxe4 Nc3+ 30. Kc1 Bxe4 31. Rd4 Bg5+ 0-1